Films avec Uma Thurman en images - Statistiques

Statistiques générales
  • Ce quiz a été pris 12 fois
  • Le résultat moyen est 3 sur 15
Statistiques - réponses
Par images Réponse % Correct
Kill Bill: Volume 1
100%
Pulp Fiction
91%
Bienvenue à Gattaca
45%
Chapeau melon et bottes de cuir
36%
Percy Jackson : Le voleur de foudre
36%
Batman et Robin
27%
Les Liaisons dangereuses
9%
Accords et Désaccords
0%
Be Cool
0%
Bel-Ami
0%
Les Producteurs
0%
Nymphomaniac
0%
Paycheck
0%
Tape
0%
The House That Jack Built
0%
Aucun quiz correspondant
Distribution des résultats
% des personnes avec chaque résultat
Percentile par nombre de réponses
Votre historique - résultats
Vous n’avez pas pris ce quiz